[Event "Chess.com Classic Winners"]
[Site "chess.com INT"]
[Date "2025.05.21"]
[Round "3.4"]
[White "Nepomniachtchi,I"]
[Black "Nakamura,Hi"]
[Result "1/2-1/2"]
[WhiteElo "2757"]
[BlackElo "2804"]

1.d4 d5 2.c4 c5 3.cxd5 Nf6 4.e4 Nxe4 5.dxc5 Qa5+ 6.Bd2 Nxd2 7.Qxd2 Qxd2+
8.Nxd2 g6 9.Rc1 Nd7 10.Bb5 Bg7 11.c6 bxc6 12.dxc6 Nb6 13.b3 O-O 14.Ngf3 Nd5
15.Ne4 Bf5 16.Nfd2 Bh6 17.Rc5 Nc7 18.Bc4 a5 19.Ng3 Rfd8 20.Nf3 e6 21.Nxf5 gxf5
22.Be2 a4 23.O-O axb3 24.axb3 Ra2 25.Re1 Bf8 26.Rc4 Rb2 27.Bd1 Rd5 28.Kf1 Bc5
29.Rc2 Rxc2 30.Bxc2 Bb4 31.Rd1 Rc5 32.Rd8+ Kg7 33.Rd7 Nd5 34.Nd4 Kf6 35.g3 Bc3
36.Nf3 Rxc6 37.Bd3 h6 38.Rb7 Rb6 39.Rxb6 Nxb6 40.Ke2 Ke7 41.Bb5 Kd6 42.Nd2 Bb4
43.Be8 Ke7 44.Bc6 Kd6 45.Bf3 Ke7 46.Nf1 Nd7 47.Ne3 Nc5 48.Nc2 Bc3 49.b4 Na6
50.b5 Nc5 51.b6 Ba5 52.b7 Bc7 53.Na3 Kd7 54.Nc4 Ne4 55.Ke3 Nc5 56.Na5 Na6
57.Nc6 Kd6 58.Kd4 Bb6+ 59.Kc4 Bc7 60.Nd4 Bb6 61.Nc6 Bxf2 62.Kb5 Nc7+ 63.Ka5 Be1+
64.Ka4 Na6 65.Kb5 Nc7+ 66.Kc4 Na6 67.b8=Q+ Nxb8 68.Nxb8 e5 69.Bd5 h5 70.Bxf7 h4
71.gxh4 Bxh4 72.Bd5 e4 73.Nc6 Bf2 74.h3 Bh4 75.Nd4 Ke5 76.Ne2 f4 77.Nc3 f3
78.Bxe4 Kf4 79.Bd3 Kg3 80.Bf1 Kf2 81.Bd3 Kg3 82.Kd5 Kxh3 83.Nd1 Kg3 84.Ne3 Bg5
85.Nf1+ Kf2 86.Ke4 Kg2 87.Bc4 Bc1 88.Bb5 Bg5 89.Ba6 Bh6 90.Kf5 Bc1 91.Kg4 f2
92.Be2 Bh6 93.Ng3 Bf8 94.Bf1+ Kg1 95.Bh3 Bd6 96.Nf1 Bc7 97.Kf3 Bd6 98.Bg2 Bc7
99.Ne3 Bb6 100.Nf1 Ba7 101.Bh3 Bb6 102.Ke2 Ba7 103.Bf5 Kg2 104.Be4+ Kg1 105.Bf3 Bb6
106.Nd2 Ba7 107.Nf1 Bb6 108.Be4 Ba7 109.Bd3 Bb6 110.Kf3 Ba7 111.Be2 Bb6 112.Ng3 Ba7
113.Nf1 Bb8 114.Bd3 Ba7 115.Ke2 Bb6 116.Bc4 Ba7 117.Nd2 Bb6 118.Bd5 Ba7 119.Nf3+ Kg2
120.Nd2+ Kg1 121.Bc6 Bb6 122.Nf3+ Kg2 123.Nd2+ Kg1 124.Nf3+ Kg2 125.Nd2+ Kg1  1/2-1/2

[Event "Chess.com Classic Winners"]
[Site "chess.com INT"]
[Date "2025.05.21"]
[Round "3.3"]
[White "Nakamura,Hi"]
[Black "Nepomniachtchi,I"]
[Result "0-1"]
[WhiteElo "2804"]
[BlackElo "2757"]

1.Nf3 Nf6 2.e3 b6 3.c4 Bb7 4.b3 e6 5.Bb2 Be7 6.Nc3 O-O 7.Be2 d5 8.O-O c5
9.cxd5 Nxd5 10.d4 Nd7 11.Rc1 Rc8 12.Nxd5 Bxd5 13.Ba6 Rc7 14.Qe2 Bxf3 15.Qxf3 cxd4
16.Rxc7 Qxc7 17.Rc1 Qd6 18.exd4 Nf6 19.Qb7 Nd5 20.Qxa7 Qf4 21.Bc4 Qd2 22.Bxd5 Qxb2
23.Rf1 Bf6 24.Bc4 Bxd4 25.Qd7 Qd2 26.Kh1 h5 27.a4 h4 28.Qd6 g6 29.h3 Kg7
30.f4 Qe3 31.Qe7 Bf6 32.Qb7 Rd8 33.Qf3 Qd2 34.Qf2 Qb4 35.Qe3 Rd2 36.Rf2 Rd4
37.Rf1 Qd6 38.Qf3 Bd8 39.Qc3 Kg8 40.Be2 Bc7 41.Rc1 Bb8 42.Rf1 Rxf4 43.Rxf4 Qxf4
44.Kg1 Be5 45.Qf3 Qh2+ 46.Kf2 Bd4+ 47.Ke1 Kg7 48.Kd2 Qd6 49.Kc2 Qa3 50.Bc4 Qb2+
51.Kd1 Bc3 52.Qd3 Bb4 53.Qc2 Qe5 54.Qd3 Qa1+ 55.Kc2 Qa2+ 56.Kd1 Qb2 57.Qc2 Qd4+
58.Ke2 Qe5+ 59.Kf2 Qe1+  0-1

[Event "Chess.com Classic Winners"]
[Site "chess.com INT"]
[Date "2025.05.21"]
[Round "3.1"]
[White "Nakamura,Hi"]
[Black "Nepomniachtchi,I"]
[Result "1/2-1/2"]
[WhiteElo "2804"]
[BlackElo "2757"]

1.Nf3 Nf6 2.c4 e6 3.e3 d5 4.b3 Be7 5.Bb2 O-O 6.Nc3 c5 7.cxd5 exd5 8.Rc1 d4
9.Na4 Qa5 10.a3 dxe3 11.fxe3 Nbd7 12.Nc3 a6 13.Bd3 b5 14.O-O Bb7 15.Qe1 Qc7
16.Ne2 Rad8 17.Bb1 Be4 18.Bxe4 Nxe4 19.d3 Bf6 20.Bd4 Qb7 21.Bxf6 Nexf6 22.e4 Rfe8
23.Ng3 Nf8 24.Qc3 Ne6 25.Kh1 b4 26.axb4 cxb4 27.Qc2 Qb6 28.Nd2 Nd4 29.Qa2 Ng4
30.Nc4 Qh6 31.h3 Qh4 32.Nf5 Nxf5 33.Rxf5 Rxd3 34.Qe2 Rg3 35.Nd6 Rf8 36.Rxf7 Rxh3+
37.gxh3 Qxh3+ 38.Kg1 Qg3+ 39.Kh1 Qh3+ 40.Kg1 Qg3+ 41.Kh1 Qh3+  1/2-1/2

[Event "Chess.com Classic Winners"]
[Site "chess.com INT"]
[Date "2025.05.21"]
[Round "3.5"]
[White "Nakamura,Hi"]
[Black "Nepomniachtchi,I"]
[Result "1-0"]
[WhiteElo "2804"]
[BlackElo "2757"]

1.Nf3 Nf6 2.g3 d5 3.Bg2 e6 4.d3 Be7 5.Nbd2 Nc6 6.O-O O-O 7.d4 a5 8.c3 a4
9.Qc2 b6 10.e4 dxe4 11.Nxe4 Bb7 12.Nfg5 g6 13.Nxf6+ Bxf6 14.Ne4 Bg7 15.Bg5 f6
16.Be3 Qd7 17.Rad1 f5 18.Ng5 Na5 19.Bxb7 Nxb7 20.c4 h6 21.Nf3 Kh7 22.Rfe1 Nd6
23.Ne5 Qe8 24.Bf4 g5 25.Bc1 Kg8 26.f3 Qh5 27.Qe2 Rfe8 28.Nc6 Nf7 29.Be3 Qg6
30.f4 Kh7 31.Kh1 Kg8 32.Qf3 Nd6 33.Ne7+ Rxe7 34.Qxa8+ Kh7 35.Qxa4 Ne4 36.Qc2 Qh5
37.Kg1 Qg6 38.b4 Rd7 39.d5 e5 40.fxe5 Bxe5 41.c5 bxc5 42.bxc5 Rf7 43.Bd4 Bxg3
44.hxg3 Nxg3 45.Re3 Ne4 46.Rf1 Re7 47.d6 cxd6 48.c6 Qh5 49.Qh2 Qf7 50.Rh3 Qe6
51.Rc1 Rc7 52.Bb6 Rc8 53.c7 d5 54.Bd4 f4 55.Rb3 Qg4+ 56.Qg2 Qd7 57.Qh3 g4
58.Qh5 Ng3 59.Rxg3 fxg3 60.Qe5 Qf7 61.Rf1 Qd7 62.a4 Re8 63.Qf5+ Qxf5 64.Rxf5 Kg6
65.Rxd5 h5 66.Rd8 Re1+ 67.Kg2 h4 68.c8=Q  1-0

[Event "Chess.com Classic Winners"]
[Site "chess.com INT"]
[Date "2025.05.21"]
[Round "4.4"]
[White "Nakamura,Hi"]
[Black "Carlsen,M"]
[Result "0-1"]
[WhiteElo "2804"]
[BlackElo "2837"]

1.Nf3 Nf6 2.g3 b6 3.Bg2 Bb7 4.d3 c5 5.e4 d6 6.O-O g6 7.Ng5 h6 8.Nh3 Nc6 9.f4 e6
10.c3 Bg7 11.Qe2 O-O 12.g4 b5 13.g5 Nh7 14.gxh6 Bxh6 15.Qg4 b4 16.Qg3 bxc3
17.bxc3 Ba6 18.Nd2 Qa5 19.Bb2 Qb5 20.Nc4 Na5 21.Nxa5 Qxb2 22.c4 e5 23.f5 Qd2
24.fxg6 fxg6 25.Qxg6+ Kh8 26.Nb3 Qe3+ 27.Kh1 Rg8 28.Qh5 Rxg2 29.Kxg2 Rg8+
30.Kh1 Bc8 31.Rf3 Qe2 32.Rg1 Bg4  0-1

[Event "Chess.com Classic Winners"]
[Site "chess.com INT"]
[Date "2025.05.21"]
[Round "4.2"]
[White "Nakamura,Hi"]
[Black "Carlsen,M"]
[Result "1/2-1/2"]
[WhiteElo "2804"]
[BlackElo "2837"]

1.Nf3 d5 2.e3 Nf6 3.c4 e6 4.Nc3 a6 5.b3 c5 6.cxd5 exd5 7.d4 Nc6 8.Bb2 Bg4
9.Be2 Bxf3 10.Bxf3 cxd4 11.exd4 Bb4 12.O-O Bxc3 13.Bxc3 O-O 14.Re1 Re8 15.Qd3 Qd7
16.h3 Rxe1+ 17.Rxe1 Re8 18.Rxe8+ Qxe8 19.Bd2 Ne4 20.a3 Nxd2 21.Qxd2 Qe6 22.g3 g6
23.Kg2 Kg7 24.b4 b6 25.Qd3 h6 26.h4 g5 27.hxg5 hxg5 28.Qd2 Qf6 29.Bxd5 Nxd4
30.Bb7 Qe5 31.Qe3 Qxe3 32.fxe3 Nc2 33.Bxa6 Nxa3 34.Bd3 Kf6 35.Kf3 Ke5 36.Kg4 b5
37.Kxg5 Nc4 38.e4 Nd6 39.g4 Kd4 40.Bb1 Ke5 41.Bc2 f6+ 42.Kg6 Nc4 43.Bd3 Ne3
44.Bxb5 Nc2 45.g5 fxg5 46.Kxg5 Nxb4 47.Kh6 Kxe4  1/2-1/2

[Event "Chess.com Classic Winners"]
[Site "chess.com INT"]
[Date "2025.05.21"]
[Round "4.3"]
[White "Carlsen,M"]
[Black "Nakamura,Hi"]
[Result "1-0"]
[WhiteElo "2837"]
[BlackElo "2804"]

1.d4 d5 2.c4 c5 3.cxd5 Nf6 4.e4 Nxe4 5.dxc5 Qa5+ 6.Bd2 Nxd2 7.Qxd2 Qxd2+
8.Nxd2 g6 9.Ngf3 Bg7 10.O-O-O O-O 11.Bc4 Bg4 12.Rhe1 Nd7 13.b4 a5 14.Rxe7 axb4
15.h3 Bxf3 16.Rxd7 Bxd1 17.Kxd1 Bd4 18.Ne4 Bxc5 19.d6 b6 20.Ng5 Kg7 21.f4 h6
22.Ne6+ Kf6 23.Nxf8 Rxf8 24.Ke2 g5 25.Kf3 gxf4 26.Kxf4 h5 27.g4 hxg4 28.hxg4 Kg6
29.Bb3 Bg1 30.Bc2+ Kf6 31.Bb3 Bh2+ 32.Ke4 Kg5 33.Kd5 Kxg4 34.Re7 Rc8 35.d7 Rc5+
36.Kd4 Bc7 37.Rxf7 Rc6 38.Rf8 Rd6+ 39.Ke4 Kg5 40.Ba4 b5 41.Bxb5 Rd2 42.Rc8 Bb6
43.Ra8 Bc7 44.Ra6 Bd8 45.Ra8 Bb6 46.Ke5 Bc7+ 47.Ke6 Kg6 48.Rg8+ Kh7 49.Rc8 Bb6
50.Ra8 Kg7 51.Bc4 Bc7 52.Rc8 Bb6 53.Bd5  1-0

[Event "Chess.com Classic Winners"]
[Site "chess.com INT"]
[Date "2025.05.21"]
[Round "4.1"]
[White "Carlsen,M"]
[Black "Nakamura,Hi"]
[Result "1/2-1/2"]
[WhiteElo "2837"]
[BlackElo "2804"]

1.d4 d5 2.c4 c5 3.cxd5 Nf6 4.e4 Nxe4 5.dxc5 Qa5+ 6.Bd2 Nxd2 7.Qxd2 Qxd2+
8.Nxd2 g6 9.Ngf3 Bg7 10.O-O-O O-O 11.Bc4 Bg4 12.Rhe1 Nd7 13.h3 Bxf3 14.Nxf3 Nxc5
15.Rxe7 Bf6 16.Re2 Rac8 17.Rc2 Na4 18.b3 Nc3 19.Rd3 Ne4 20.d6 Rfd8 21.d7 Rc6
22.Nd2 Bg5 23.f4 Bxf4 24.Rd4 Bxd2+ 25.Kd1 Ba5 26.Rxe4 Rxd7+ 27.Ke2 Rcd6 28.a4 Kg7
29.Kf3 Rf6+ 30.Rf4 Rfd6 31.g4 a6 32.Re2 Bd2 33.Rfe4 Bg5 34.Kg2 Rd1 35.Rf2 Bh4
36.Rfe2 Rb1 37.Rf4 f6 38.Rf1 Rxf1 39.Kxf1 Kh6 40.Kg2 Kg5 41.Kf3 Rc7 42.Rd2 Kh6
43.Rd6 Re7 44.Re6 Rd7 45.Rb6 Bg5 46.Ke4 Re7+ 47.Re6 Rxe6+ 48.Bxe6 a5 49.Bg8 b6
50.Kf3 Bc1 51.h4 Kg7 52.Bc4 Ba3 53.h5 Bc5 54.hxg6 hxg6 55.Bd3 f5 56.gxf5 gxf5
57.Bxf5 Kf6 58.Ke4 Bb4 59.Bd7 Kg7 60.Bb5 Kf8 61.Kd5 Kg7 62.Kc6 Kf8 63.Kxb6 Kg7
64.Bc4 Kh8 65.Kb5 Kh7 66.Kb6 Kh6 67.Kb5 Kh5 68.Kb6 Kg5 69.Kb5 Kh4 70.Kb6 Kg5
71.Kb5 Kh4 72.Kb6 Kg5  1/2-1/2

[Event "Chess.com Classic Losers"]
[Site "chess.com INT"]
[Date "2025.05.22"]
[Round "6.1"]
[White "Nakamura,Hi"]
[Black "Vachier Lagrave,M"]
[Result "1/2-1/2"]
[WhiteElo "2804"]
[BlackElo "2723"]

1.Nf3 d5 2.e3 Nf6 3.c4 dxc4 4.Bxc4 e6 5.d4 c5 6.O-O a6 7.dxc5 Bxc5 8.Qxd8+ Kxd8
9.Be2 Ke7 10.Nd4 Rd8 11.Nb3 Bb6 12.N1d2 Bd7 13.Nc4 Bc7 14.Bd2 Nc6 15.Rfc1 Ne4
16.Be1 Rac8 17.Nca5 Nxa5 18.Nxa5 Bxa5 19.Bxa5 Rxc1+ 20.Rxc1 Rc8 21.Bb4+ Ke8
22.Rxc8+ Bxc8 23.Bd3 f5 24.f3 Nf6 25.Bc3 Bd7 26.Bxf6 gxf6 27.e4 f4 28.e5 h6
29.exf6 Kf7 30.g4 fxg3 31.hxg3 e5 32.b4 Kxf6 33.Kf2 Ke6 34.Ke3 Be8 35.a3 Kd6
36.f4 Ke6 37.Bh7 b6 38.Bg8+ Kf6 39.Bb3 a5 40.Bc2 axb4 41.axb4  1/2-1/2

[Event "Chess.com Classic Losers"]
[Site "chess.com INT"]
[Date "2025.05.22"]
[Round "6.2"]
[White "Vachier Lagrave,M"]
[Black "Nakamura,Hi"]
[Result "1-0"]
[WhiteElo "2723"]
[BlackElo "2804"]

1.e4 e5 2.Nf3 Nf6 3.Nxe5 Nxe4 4.Qe2 Qe7 5.Qxe4 d6 6.d4 dxe5 7.dxe5 Nc6 8.Nc3 Qxe5
9.Qxe5+ Nxe5 10.Nb5 Bb4+ 11.c3 Ba5 12.Bf4 f6 13.O-O-O Be6 14.b3 O-O 15.Be2 a6
16.Nd4 Bf7 17.Kb2 Rfe8 18.Rhe1 Rad8 19.Bf1 Bb6 20.h3 Rd7 21.Be3 Red8 22.Be2 a5
23.a4 Bc5 24.f4 Ng6 25.Bg4 Rd6 26.g3 Ne7 27.Ne6 Bxe6 28.Bxe6+ Kf8 29.Rxd6 Bxd6
30.Kc2 b6 31.Rd1 Nc6 32.Bd5 Ne7 33.Bc4 Nf5 34.Bf2 Be7 35.Rxd8+ Bxd8 36.b4 Nd6
37.Bd3 g6 38.bxa5 bxa5 39.c4 c6 40.c5 Nc8 41.f5 g5 42.g4 h6 43.Bg3 Ke8 44.Bc4 Be7
45.Be1 Bd8 46.Be6 Ne7 47.Kd3 Bc7 48.Bc3  1-0

[Event "13th Norway Chess 2025"]
[Site "Stavanger NOR"]
[Date "2025.05.26"]
[Round "1.2"]
[White "Caruana,F"]
[Black "Nakamura,Hi"]
[Result "0-1"]
[WhiteElo "2776"]
[BlackElo "2804"]

1.d4 d5 2.c4 c6 3.cxd5 cxd5 4.Nc3 Nf6 5.Bf4 Nc6 6.e3 a6 7.Nf3 Bg4 8.h3 Bxf3
9.Qxf3 e6 10.Bd3 Bd6 11.Bg5 Be7 12.O-O O-O 13.Rac1 h6 14.Bh4 Ne8 15.Bg3 Bd6
16.Na4 Bxg3 17.Qxg3 Nd6 18.Nc5 Rc8 19.a3 a5 20.Qg4 Qe7 21.Qd1 b6 22.Na4 b5
23.Nc3 Na7 24.Qe2 Qd7 25.b3 Rc6 26.Rc2 Rfc8 27.Rfc1 g6 28.h4 Kg7 29.g3 R8c7
30.Qd2 Qc8 31.Ne2 Rxc2 32.Rxc2 Rxc2 33.Bxc2 Nc6 34.Qc3 b4 35.axb4 Nxb4 36.Qxc8 Nxc8
37.Bb1 Nd6 38.Nc3 f5 39.f3 g5 40.hxg5 hxg5 41.Kf2 Nc6 42.Bd3 Kf6 43.f4 Nb4
44.Ke2 g4 45.Kd2 Ke7 46.Bb5 Kd8 47.Ba4 Na6 48.Bb5 Nc7 49.Bc6 Kc8 50.Ke2 Kd8
51.Kd2 Na6 52.Ba4 Ke7 53.Bb5 Nb4 54.Ba4 Nf7 55.Bb5 Nh6 56.Bd3 Ng8 57.Bb1 Nf6
58.Ke1 Kd6 59.Na4 Nd7 60.Ke2 Kc6 61.Ke1 Na6 62.Bd3 Nc7 63.Nc3 Nf6 64.Na4 Nce8
65.Nc5 Ng7 66.Na4 Ne4 67.Bxe4 fxe4 68.Nc3 Nf5 69.Kf2 Kb6 70.Na4+ Kb5 71.Nc5 Kb4
72.Nb7 Kxb3 73.Nxa5+ Kc3 74.Nb7 Kd2 75.Nc5 Nxe3 76.Nb3+ Kc3 77.Nc5 Nf5 78.Nxe6 Kd2  0-1

[Event "13th Norway Armageddon"]
[Site "Stavanger NOR"]
[Date "2025.05.27"]
[Round "2.2"]
[White "Nakamura,Hi"]
[Black "Carlsen,M"]
[Result "1-0"]
[WhiteElo "2804"]
[BlackElo "2837"]

1.Nf3 d5 2.g3 g6 3.d4 Bg7 4.Bg2 Nf6 5.O-O O-O 6.c4 c6 7.Qb3 dxc4 8.Qxc4 Bf5
9.Nc3 Nbd7 10.Bf4 Nb6 11.Qb3 Nfd5 12.Be5 Nxc3 13.bxc3 Be4 14.Bxg7 Kxg7 15.Rac1 c5
16.dxc5 Nd7 17.Qb4 Nf6 18.Bh3 Qc7 19.Nd4 b6 20.cxb6 axb6 21.Qb2 Ra4 22.Be6 Ra5
23.Bb3 e5 24.Nc2 h5 25.h4 Ng4 26.Na3 g5 27.Nc4 gxh4 28.f3 Qc5+ 29.Kh1 Ba8
30.Nxa5 bxa5 31.e4 hxg3 32.Bd5 Bxd5 33.exd5 Ne3 34.Rg1 h4 35.c4 Qd4 36.Qxd4 exd4
37.d6 Rb8 38.Rb1 Rd8 39.c5 Kf6 40.c6 Rxd6 41.c7 Rc6 42.Rgc1 Nc4 43.Rb6 Rxb6
44.c8=Q  1-0

[Event "13th Norway Chess 2025"]
[Site "Stavanger NOR"]
[Date "2025.05.27"]
[Round "2.2"]
[White "Nakamura,Hi"]
[Black "Carlsen,M"]
[Result "1/2-1/2"]
[WhiteElo "2804"]
[BlackElo "2837"]

1.e4 e5 2.Nf3 Nc6 3.Bb5 a6 4.Ba4 Nf6 5.d3 Bc5 6.O-O d6 7.c3 O-O 8.Nbd2 Ba7
9.h3 Ne7 10.Re1 Ng6 11.Nf1 d5 12.exd5 Nxd5 13.d4 exd4 14.Nxd4 c5 15.Nf3 b5
16.Bc2 Bb7 17.a4 c4 18.Bd2 Qc7 19.Nd4 b4 20.Qg4 Rae8 21.Rad1 bxc3 22.bxc3 Nf6
23.Qg3 Qa5 24.Qg5 Qxg5 25.Bxg5 Ne4 26.Bxe4 Bxe4 27.Nd2 Bd5 28.Nc2 Rxe1+ 29.Rxe1 Rc8
30.Nb4 Bb7 31.Ne4 a5 32.Nd6 Rb8 33.Nc2 Bc6 34.Be3  1/2-1/2

[Event "13th Norway Chess 2025"]
[Site "Stavanger NOR"]
[Date "2025.05.28"]
[Round "3.3"]
[White "Gukesh,D"]
[Black "Nakamura,Hi"]
[Result "1-0"]
[WhiteElo "2787"]
[BlackElo "2804"]

1.e4 e5 2.Nf3 Nc6 3.Bc4 Nf6 4.d3 Be7 5.O-O O-O 6.Re1 d6 7.a4 Na5 8.Ba2 c5
9.Bd2 Nc6 10.Na3 h6 11.c3 Be6 12.Bxe6 fxe6 13.b4 b6 14.Nc4 Qe8 15.b5 Nd8
16.d4 exd4 17.cxd4 cxd4 18.Bb4 Nxe4 19.Rxe4 d5 20.Bxe7 Qxe7 21.Rxd4 dxc4
22.Ne5 Qg5 23.Nxc4 Nb7 24.Qe2 Nc5 25.Rad1 Rf4 26.a5 bxa5 27.Nxa5 Rxd4 28.Rxd4 Rd8
29.Rxd8+ Qxd8 30.Nc6 Qd7 31.h4 Qd6 32.Nxa7 Nd3 33.Nc6 Kh8 34.Qf3 Kg8 35.g3 Nc5
36.Kg2 Qd7 37.Qf4 Qd5+ 38.Kh2 Kh7 39.Qf7 Nd3 40.Ne7 Qd8 41.Qxe6 Nxf2 42.Qf5+  1-0

[Event "13th Norway Chess 2025"]
[Site "Stavanger NOR"]
[Date "2025.05.29"]
[Round "4.3"]
[White "Nakamura,Hi"]
[Black "Wei Yi"]
[Result "1/2-1/2"]
[WhiteElo "2804"]
[BlackElo "2758"]

1.d4 Nf6 2.c4 e6 3.g3 d5 4.Bg2 Be7 5.Nf3 O-O 6.Nc3 dxc4 7.Ne5 c5 8.dxc5 Qxd1+
9.Nxd1 Bxc5 10.Ne3 Nbd7 11.N5xc4 Rb8 12.Na5 Ne5 13.Nec4 Nxc4 14.Nxc4 Bd7
15.Bd2 Bb5 16.Rc1 Rfd8 17.Na3 Bxa3 18.bxa3 b6 19.Rb1 Ba6 20.f3 Rbc8 21.Rb2 Ne8
22.Kf2 Nd6 23.Bb4 Nb5 24.Ra1 Nc3 25.Ke1 Na4 26.Rd2 Rxd2 27.Bxd2 Rc2 28.f4 Bc4
29.Be4 Rxa2 30.Rxa2 Bxa2 31.Bb4 Nc5 32.Bc2 f5 33.Kd2 Kf7 34.Kc3 Nb7 35.Kd4 a5
36.Be1 Nd6 37.Bd3 Ke7 38.Bf2 Kd7 39.Kc3 Kc6 40.Bd4 g6 41.Be5 Bd5 42.e3 Nf7
43.Bf6 b5 44.Be7 e5 45.Be2 Be4 46.Kd2 Bg2 47.Kc3 Bh1 48.Kd2 Bd5 49.Kc3 Be4
50.Kd2 exf4 51.exf4 Kd7 52.Bc5 Kc6 53.Be7 Kd7 54.Bc5 Bc6 55.Bb6 a4 56.Kc3 Nd6
57.Kb4 Nc4  1/2-1/2

[Event "13th Norway Armageddon"]
[Site "Stavanger NOR"]
[Date "2025.05.29"]
[Round "4.3"]
[White "Nakamura,Hi"]
[Black "Wei Yi"]
[Result "1/2-1/2"]
[WhiteElo "2804"]
[BlackElo "2758"]

1.b3 d5 2.Bb2 Nf6 3.g3 g6 4.Nf3 c5 5.Bg2 Bg7 6.O-O Nc6 7.Ne5 h5 8.Nxc6 bxc6
9.h4 O-O 10.c4 d4 11.d3 e5 12.Nd2 Qd6 13.Qc2 a5 14.Rae1 Bf5 15.Ba3 Rad8 16.Rd1 Rfe8
17.Ne4 Nxe4 18.dxe4 Bg4 19.Bc1 a4 20.bxa4 Ra8 21.f3 Bc8 22.f4 exf4 23.Bxf4 Qd8
24.e3 Bg4 25.Rd3 Qa5 26.e5 dxe3 27.Rxe3 Re6 28.Qf2 Qxa4 29.a3 Qxc4 30.Kh2 Rae8
31.Re4 Qb5 32.Rc1 Bxe5 33.Rxc5 Qb6 34.Rc2 Qxf2 35.Rxf2 Bxf4 36.Rexf4 Bf5
37.a4 Ra8 38.Rc4 Ra6 39.Ra2 Rd6 40.Rc5 Be6 41.Ra3 Rd2 42.Kg1 Rd1+ 43.Kf2 Rd2+
44.Kf1 Rb6 45.Rc1 Bd5 46.Bf3 Rbb2 47.Ke1 Bxf3 48.Rxf3 Re2+ 49.Kf1 Rh2 50.Ke1 Rhe2+
51.Kf1 Rh2 52.Ke1 Rhe2+  1/2-1/2

[Event "13th Norway Chess 2025"]
[Site "Stavanger NOR"]
[Date "2025.05.31"]
[Round "5.1"]
[White "Erigaisi,Arjun"]
[Black "Nakamura,Hi"]
[Result "1/2-1/2"]
[WhiteElo "2782"]
[BlackElo "2804"]

1.d4 d5 2.c4 c6 3.Nf3 Nf6 4.Nc3 dxc4 5.a4 Bf5 6.Ne5 Nbd7 7.Nxc4 Qc7 8.g3 e5
9.dxe5 Nxe5 10.Bf4 Nfd7 11.h4 f6 12.Bh3 Bxh3 13.Rxh3 Rd8 14.Qc2 Qc8 15.Nd2 Nc5
16.Rh1 Qe6 17.O-O-O Rd4 18.Kb1 Ng4 19.Nf3 Rxd1+ 20.Rxd1 Nxf2 21.Nd4 Qc4 22.Rd2 Nfe4
23.Nxe4 Qxc2+ 24.Kxc2 Nxe4 25.Rd3 Nc5 26.Re3+ Kf7 27.b4 Nd7 28.Rd3 Nb6 29.Kb3 a6
30.e4 Be7 31.Nf5 g6 32.a5 gxf5 33.axb6 Rd8 34.Rxd8 Bxd8 35.Bc7 Be7 36.exf5 c5
37.bxc5 Bxc5 38.g4 h5 39.gxh5 Bf2 40.Kc4 Bxh4 41.Bd6 a5 42.Kb5 Kg7 43.Kxa5 Kh6
44.Kb5 Kxh5 45.Be7 Kg5 46.Kc5 Bf2+ 47.Kd6 Bxb6 48.Ke6 Bd4 49.Bb4 Be5 50.Bd2+ Kg4
51.Bb4 b5 52.Be7 Kg5 53.Bb4 Bb2 54.Bd2+ Kg4 55.Bb4 Be5 56.Be7 Kg5 57.Bb4 Bb2
58.Bd2+ Kh5 59.Bb4 Kh6 60.Bf8+ Kh5 61.Be7 Kg5 62.Bb4 Ba1 63.Bd2+ Kg4 64.Bb4 Kf4
65.Be7 Kg5 66.Bb4 Bb2 67.Bd2+ Kg4 68.Bb4 Be5 69.Be7 Bc3 70.Bxf6 b4 71.Bxc3 bxc3
72.f6 c2 73.f7 c1=Q 74.f8=Q Qc6+ 75.Qd6 Qxd6+ 76.Kxd6  1/2-1/2

[Event "13th Norway Chess 2025"]
[Site "Stavanger NOR"]
[Date "2025.06.01"]
[Round "6.2"]
[White "Nakamura,Hi"]
[Black "Caruana,F"]
[Result "1/2-1/2"]
[WhiteElo "2804"]
[BlackElo "2776"]

1.e4 c5 2.Nf3 Nc6 3.Bb5 d6 4.O-O Bd7 5.Re1 a6 6.Bf1 e5 7.c3 Be7 8.d4 cxd4
9.cxd4 Bg4 10.dxe5 dxe5 11.Be3 Nf6 12.h3 Bxf3 13.Qxf3 Nd4 14.Bxd4 Qxd4 15.Nc3 O-O
16.Red1 Qb4 17.a3 Qxb2 18.Rdb1 Qd2 19.Rxb7 Bc5 20.Ra2 Qd6 21.Rbb2 Rfd8 22.Rc2 Rac8
23.a4 Bd4 24.Nd5 Nxd5 25.exd5 Rxc2 26.Rxc2 g6 27.Rc6 Qxd5 28.Qxd5 Rxd5 29.Bxa6 Rc5
30.Rc8+ Kg7 31.Rxc5  1/2-1/2

[Event "13th Norway Armageddon"]
[Site "Stavanger NOR"]
[Date "2025.06.01"]
[Round "6.2"]
[White "Nakamura,Hi"]
[Black "Caruana,F"]
[Result "1/2-1/2"]
[WhiteElo "2804"]
[BlackElo "2776"]

1.Nf3 Nf6 2.b3 g6 3.d4 Bg7 4.Bb2 O-O 5.g3 b6 6.Bg2 Bb7 7.O-O e6 8.c4 d6 9.Qc2 Be4
10.Qc1 Bb7 11.Rd1 Nbd7 12.Nbd2 c5 13.dxc5 Nxc5 14.Bc3 Qe7 15.Qb2 Rfd8 16.Rac1 Rac8
17.Qa1 e5 18.Ne1 h5 19.Bxb7 Qxb7 20.Ng2 Bh6 21.Rc2 b5 22.Ba5 Re8 23.Qb2 Nce4
24.Nxe4 Nxe4 25.f3 Ng5 26.Rxd6 Nh3+ 27.Kf1 bxc4 28.bxc4 Qxb2 29.Rxb2 Rxc4
30.Ne1 Ra4 31.Bd8 Bg5 32.Bc7 Be3 33.Rc6 h4 34.Nc2 Bc1 35.Rb8 Rxb8 36.Bxb8 Bb2
37.Ne3 hxg3 38.hxg3 Ng5 39.Nc4 Ba1 40.a3 e4 41.f4 Ne6 42.e3 Bg7 43.g4 Bf8
44.Rc8 Kh7 45.f5 gxf5 46.gxf5 Ng5 47.Bf4 Nh3 48.Be5 Bg7 49.Bd6 Ng5 50.Rc6 Nf3
51.Kf2 Nh4 52.Rc5 Nxf5 53.Rxf5 Rxc4 54.Rxf7 Kg6 55.Rxa7 Bh6 56.Ra6 Kf5 57.Ra5+ Kg4
58.Rc5 Rxc5 59.Bxc5 Kf5 60.a4 Ke6 61.a5 Kd7 62.a6 Kc6 63.Kg3 Kc7 64.Ba7 Bxe3  1/2-1/2

[Event "13th Norway Chess 2025"]
[Site "Stavanger NOR"]
[Date "2025.06.02"]
[Round "7.2"]
[White "Carlsen,M"]
[Black "Nakamura,Hi"]
[Result "1/2-1/2"]
[WhiteElo "2837"]
[BlackElo "2804"]

1.e4 e5 2.Nf3 Nc6 3.Nc3 Nf6 4.Bb5 Bb4 5.O-O O-O 6.Bxc6 dxc6 7.Nxe5 Re8 8.Nd3 Bxc3
9.dxc3 Nxe4 10.Re1 Nd6 11.Bf4 Rxe1+ 12.Qxe1 Bf5 13.Rd1 Qe8 14.f3 f6 15.Qxe8+ Rxe8
16.Kf2 g5 17.Bg3 Rd8 18.Ke2 Re8+ 19.Kf2 Rd8 20.Ke2 Re8+ 21.Kf2  1/2-1/2

[Event "13th Norway Armageddon"]
[Site "Stavanger NOR"]
[Date "2025.06.02"]
[Round "7.2"]
[White "Carlsen,M"]
[Black "Nakamura,Hi"]
[Result "1-0"]
[WhiteElo "2837"]
[BlackElo "2804"]

1.d4 d5 2.c4 c6 3.Nf3 Nf6 4.Nc3 dxc4 5.g3 b5 6.Bg2 e6 7.O-O Bb7 8.Ne5 Qc8
9.b3 b4 10.Na4 c3 11.a3 Nbd7 12.axb4 Bxb4 13.Ba3 a5 14.Nxc3 O-O 15.Bxb4 axb4
16.Nxd7 Nxd7 17.Na4 Ba6 18.Qd2 Bb5 19.Rfc1 Ra6 20.e3 Qa8 21.Qxb4 Nb6 22.Rc5 Nd5
23.Bxd5 exd5 24.Rcc1 h5 25.h4 Re8 26.Qc3 Qc8 27.Nc5 Rxa1 28.Rxa1 g5 29.hxg5 h4
30.e4 dxe4 31.Re1 Qg4 32.Qe3 hxg3 33.fxg3 Kg7 34.Kg2 Rh8 35.Qxe4 Qh3+ 36.Kf3 Bf1
37.Kf4 Qh2 38.Qe5+ Kg8 39.Rxf1 Qg2 40.Ra1  1-0

[Event "Titled Tue 3rd Jan Late"]
[Site "chess.com INT"]
[Date "2025.06.03"]
[Round "1"]
[White "Ristic,Neb1"]
[Black "Nakamura,Hi"]
[Result "0-1"]
[WhiteElo "2248"]
[BlackElo "2804"]

1.d4 g6 2.Bf4 Bg7 3.e4 d6 4.Nc3 Nd7 5.Nf3 c5 6.d5 a6 7.a4 Rb8 8.Qd2 Qa5 9.Ra3 Ngf6
10.e5 Nh5 11.exd6 Qb4 12.Qe3 e6 13.dxe6 O-O 14.Rb3 Qxf4 15.Qxf4 Nxf4 16.exd7 Bxd7
17.g3 Rfe8+ 18.Kd2 Bc6 19.gxf4 Bxf3 20.Rg1 Rbd8 21.Rb6 Bh6 22.Ne2 Re6 23.Rg3 Bxe2
24.Bxe2 Bxf4+ 25.Kd1 Bxg3 26.hxg3 Rexd6+ 27.Rxd6 Rxd6+ 28.Ke1 a5 29.Bf3 b6
30.Ke2 g5 31.Bg4 Rd4 32.b3 Rxg4  0-1

[Event "Titled Tue 3rd Jan Late"]
[Site "chess.com INT"]
[Date "2025.06.03"]
[Round "2"]
[White "Nakamura,Hi"]
[Black "Kaczur,F"]
[Result "0-1"]
[WhiteElo "2804"]
[BlackElo "2500"]

1.b3 Nf6 2.Bb2 d5 3.d3 g6 4.Bxf6 exf6 5.d4 c5 6.e3 cxd4 7.Qxd4 Nc6 8.Qd2 d4
9.Bb5 dxe3 10.Qxe3+ Qe7 11.Qxe7+ Bxe7 12.Bxc6+ bxc6 13.Nd2 Ba3 14.Ne2 Ba6
15.Nc4 Bxc4 16.bxc4 O-O-O 17.Rb1 Rhe8 18.Rb3 Bc5 19.f3 Kc7 20.Rd3 Rxd3 21.cxd3 Rb8
22.Kd1 Rb2 23.h4 Rxa2 24.Rh3 a5 25.h5 g5 26.f4 g4 27.Rg3 f5 28.d4 Bb4 29.Re3 a4
30.c5 a3 31.d5 Rd2+ 32.Kc1 a2 33.d6+ Kd8  0-1

[Event "Titled Tue 3rd Jan Late"]
[Site "chess.com INT"]
[Date "2025.06.03"]
[Round "3"]
[White "Nakamura,Hi"]
[Black "Yanev,Tihomir"]
[Result "1-0"]
[WhiteElo "2804"]
[BlackElo "2354"]

1.b3 Nf6 2.Bb2 e6 3.e3 c5 4.Nf3 b6 5.d4 Bb7 6.Bd3 Be7 7.Nbd2 O-O 8.dxc5 bxc5
9.e4 d5 10.e5 Nfd7 11.h4 h6 12.c4 Nc6 13.Qe2 Nb4 14.Bb1 Qb6 15.a3 Na6 16.Qd3 f5
17.exf6 Nxf6 18.Qg6 d4 19.Rh3 Bd6 20.g4 Rf7 21.g5 Nd7 22.gxh6 Nf8 23.h7+  1-0

[Event "Titled Tue 3rd Jan Late"]
[Site "chess.com INT"]
[Date "2025.06.03"]
[Round "4"]
[White "George,Kevin"]
[Black "Nakamura,Hi"]
[Result "0-1"]
[WhiteElo "2301"]
[BlackElo "2804"]

1.e4 g6 2.d4 c6 3.Nf3 d5 4.Nc3 Bg4 5.h3 Bxf3 6.Qxf3 e6 7.Bf4 Bg7 8.O-O-O a6
9.Qe3 b5 10.Bd3 Nf6 11.exd5 cxd5 12.Ne2 Nc6 13.Kb1 Rc8 14.c3 Na5 15.Bh6 O-O
16.Bxg7 Kxg7 17.h4 h5 18.f3 Qd6 19.g4 Rh8 20.Rdg1 b4 21.cxb4 Qxb4 22.Nf4 hxg4
23.fxg4 Ne4 24.Bxe4 Nc4 25.Qe2 dxe4 26.Ka1 Qd2 27.Qxd2 Nxd2 28.Rd1 Nf3 29.d5 exd5
30.Nxd5 Rxh4 31.Rhf1 Rxg4 32.Ne3 Rh4 33.Nd5 Rh2 34.Nc3 f5 35.Rd7+ Kh6 36.Rd6 a5
37.Re6 Kg5 38.a4 Rxc3 39.bxc3 Rc2 40.Rh1 Rxc3 41.Rh8 Rc4 42.Kb2 Rxa4 43.Rg8 Rb4+
44.Ka3 Nh4 45.Rh8 Rd4 46.Rhe8 Kf4 47.Rh8 g5 48.Ra8 e3  0-1

[Event "Titled Tue 3rd Jan Late"]
[Site "chess.com INT"]
[Date "2025.06.03"]
[Round "5"]
[White "Nakamura,Hi"]
[Black "Ambartsumian,Tyhran"]
[Result "1-0"]
[WhiteElo "2804"]
[BlackElo "2179"]

1.b3 e5 2.Bb2 Nc6 3.c4 Nf6 4.e3 d5 5.cxd5 Nxd5 6.a3 g6 7.Bb5 Bg7 8.Nf3 Qd6
9.d4 e4 10.Ng5 f5 11.h4 h6 12.Nh3 a6 13.Bc4 Be6 14.Nc3 Nxc3 15.Bxc3 Ne7 16.Bb4 Qd7
17.Bxe6 Qxe6 18.Nf4 Qf7 19.Bxe7 Kxe7 20.h5 g5 21.Ng6+ Kd7 22.Nxh8 Rxh8 23.Qc2 Kc8
24.Rc1 Kb8 25.Qc4 Qd7 26.O-O Bf8 27.f3 exf3 28.Rxf3 Bxa3 29.Rcf1 Bd6 30.Rxf5 Qe8
31.Qe2 Qe6 32.e4 Qxb3 33.e5 Bb4 34.Qe4 Rd8 35.e6 Ka7 36.Rb1 Qc3 37.e7 Re8
38.Rc5 Rxe7 39.Rxc3 Rxe4 40.Rxb4  1-0